Govt. of
Madhya Pradesh

MY IDEA OF YOU (Record no. 68432)

MARC details
000 -LEADER
fixed length control field 00199nam a22000977a 4500
082 ## - DEWEY DECIMAL CLASSIFICATION NUMBER
Classification number 823/MIS
100 ## - MAIN ENTRY--AUTHOR NAME
Personal name Mishra,Dr.Pawan K
245 ## - TITLE STATEMENT
Title MY IDEA OF YOU
260 ## - PUBLICATION, DISTRIBUTION, ETC. (IMPRINT)
Place of publication DELHI
Year of publication 2024
942 ## - ADDED ENTRY ELEMENTS (KOHA)
Koha item type Books
Holdings
Withdrawn status Lost status Damaged status Not for loan Home library Current library Date acquired Cost, normal purchase price Full call number Accession Number Price effective from Koha item type
        MACL MACL 12/11/2025 285.00 823/MIS DPI003581 12/11/2025 Books
        MACL MACL 12/11/2025 285.00 823/MIS DPI003582 12/11/2025 Books